Design Of A Sustainable Distillery Plant In A Draught Prone Zone (Record no. 363533)

MARC details
000 -LEADER
fixed length control field 00367nam a2200121Ia 4500
008 - FIXED-LENGTH DATA ELEMENTS--GENERAL INFORMATION
fixed length control field 250110s9999 xx 000 0 und d
041 ## - LANGUAGE CODE
Language code of text/sound track or separate title eng
100 ## - MAIN ENTRY--PERSONAL NAME
Personal name Thakoor Sarika
9 (RLIN) 182666
245 ## - TITLE STATEMENT
Title Design Of A Sustainable Distillery Plant In A Draught Prone Zone
260 ## - PUBLICATION, DISTRIBUTION, ETC. (IMPRINT)
Name of publisher, distributor, etc. M.Arch Environmental, Pune
Date of publication, distribution, etc. 2014
300 ## - PHYSICAL DESCRIPTION
Extent 86p
700 ## - ADDED ENTRY--PERSONAL NAME
Personal name Guide Name:karve sujata
9 (RLIN) 210341
Holdings
Withdrawn status Lost status Damaged status Not for loan Home library Current library Date acquired Total Checkouts Barcode Date last seen Bill Date Koha item type Original Barcode
        Dr. Bhanuben Nanavati College of Architecture Dr. Bhanuben Nanavati College of Architecture 17/06/2014   BNCA-PR-1033 10/01/2025 10/01/2025 Project Reports PR1033